[Event "Titled Tuesday intern op 02nd Apr Early"]
[Site "Chess.com INT"]
[Date "2024.04.02"]
[Round "3"]
[White "Bortnyk, Olexandr"]
[Black "Wilk, Igor"]
[Result "1-0"]
[WhiteElo "2608"]
[BlackElo "2153"]
[PlyCount "103"]
[EventDate "2024.04.02"]
[EventType "swiss (blitz)"]
[EventRounds "11"]
[EventCountry "USA"]
[SourceTitle "CB15_2024"]
[SourceDate "2024.04.10"]
[SourceVersion "1"]
[SourceVersionDate "2024.04.10"]
[SourceQuality "1"]

1. e4 e6 2. Nf3 d5 3. e5 c5 4. d4 Nc6 5. Bd3 cxd4 6. 0-0 Nge7 7. Bf4 Ng6 8. Bg3 Be7 9. Re1 a6 10. Nbd2 b5 11. Nb3 Qb6 12. h4 a5 13. Nbxd4 Nxd4 14. Nxd4 Bd7 15. Nf3 b4 16. h5 Nf8 17. a4 h6 18. c3 Rc8 19. Nd4 Bc5 20. Qg4 Rg8 21. Nb5 g6 22. Rac1 g5 23. cxb4 Bxb4 24. Rxc8+ Bxc8 25. Rc1 Bd7 26. Kh2 f5 27. exf6 Kf7 28. Be5 Bxb5 29. axb5 Bd6 30. Qg3 Bxe5 31. Qxe5 Nd7 32. Bg6+ Rxg6 33. hxg6+ Kxg6 34. Qc7 Qxf2 35. Qg3 Qxf6 36. Rc7 Ne5 37. b6 h5 38. b7 Ng4+ 39. Qxg4 hxg4 40. b8Q Qf4+ 41. Kg1 Qe3+ 42. Kf1 Qd3+ 43. Ke1 Qb1+ 44. Kd2 Qg1 45. Qg8+ Kf5 46. Rf7+ Ke5 47. Qxg5+ Kd6 48. Qxg4 Qb1 49. Qg3+ Kc5 50. Qc3+ Kb5 51. Rb7+ Ka6 52. Qc6# 1-0

[Event "Titled Tuesday intern op 02nd Apr Early"]
[Site "Chess.com INT"]
[Date "2024.04.02"]
[Round "6"]
[White "Pinero Rodriguez, Carlos Jose"]
[Black "Wilk, Igor"]
[Result "1-0"]
[WhiteElo "2284"]
[BlackElo "2153"]
[PlyCount "71"]
[EventDate "2024.04.02"]
[EventType "swiss (blitz)"]
[EventRounds "11"]
[EventCountry "USA"]
[SourceTitle "CB15_2024"]
[SourceDate "2024.04.10"]
[SourceVersion "1"]
[SourceVersionDate "2024.04.10"]
[SourceQuality "1"]

1. e4 e6 2. d4 d5 3. e5 c5 4. c3 Nc6 5. Nf3 Bd7 6. a3 c4 7. Nbd2 Na5 8. g3 Ne7 9. h4 Nc8 10. Bh3 Nb6 11. 0-0 Ba4 12. Qe2 Nb3 13. Nxb3 Bxb3 14. Nd2 Be7 15. Nxb3 cxb3 16. Qb5+ Qd7 17. Qxb3 Qa4 18. Qxa4+ Nxa4 19. Rd1 0-0 20. Bf1 a6 21. Bd3 b5 22. Rb1 Rfc8 23. Bd2 Rab8 24. Rdc1 h6 25. h5 Kf8 26. b3 Nb6 27. Ra1 Ra8 28. Kf1 Ke8 29. Ke2 Kd7 30. f4 Rc7 31. g4 Nc8 32. Rg1 Na7 33. g5 a5 34. b4 Nc8 35. Bxb5+ Kd8 36. gxh6 1-0

[Event "Titled Tuesday intern op 02nd Apr Early"]
[Site "Chess.com INT"]
[Date "2024.04.02"]
[Round "4"]
[White "Wilk, Igor"]
[Black "Matveeva, Olga"]
[Result "1-0"]
[WhiteElo "2153"]
[BlackElo "2156"]
[PlyCount "77"]
[EventDate "2024.04.02"]
[EventType "swiss (blitz)"]
[EventRounds "11"]
[EventCountry "USA"]
[SourceTitle "CB15_2024"]
[SourceDate "2024.04.10"]
[SourceVersion "1"]
[SourceVersionDate "2024.04.10"]
[SourceQuality "1"]

1. d4 d5 2. c4 e6 3. Nf3 Nf6 4. g3 Bb4+ 5. Nbd2 dxc4 6. Qc2 b5 7. Bg2 Bb7 8. 0-0 0-0 9. Rd1 Nbd7 10. e4 c6 11. a3 Be7 12. b3 cxb3 13. Nxb3 a5 14. Bf4 Qb6 15. Ne5 Rfd8 16. Be3 Qc7 17. Nxd7 Rxd7 18. Bf4 Qb6 19. Nc5 Bxc5 20. dxc5 Qd8 21. Bg5 b4 22. e5 h6 23. Rxd7 Qxd7 24. Bxf6 gxf6 25. exf6 Rd8 26. Qe4 Qd4 27. Qxd4 Rxd4 28. axb4 axb4 29. Ra7 Rd7 30. Ra4 Rd4 31. Kf1 Kh7 32. Ke2 Kg6 33. Ke3 Rc4 34. Ra7 Bc8 35. Rc7 Ba6 36. Rxc6 Bb5 37. Rb6 Rxc5 38. Kd4 Rc4+ 39. Ke5 1-0

[Event "Titled Tuesday intern op 13th Feb Early"]
[Site "Chess.com INT"]
[Date "2024.02.13"]
[Round "5"]
[White "Weishaeutel, Moritz"]
[Black "Wilk, Igor"]
[Result "0-1"]
[WhiteElo "2380"]
[BlackElo "2228"]
[PlyCount "160"]
[EventDate "2024.02.13"]
[EventType "swiss (blitz)"]
[EventRounds "11"]
[EventCountry "USA"]
[SourceTitle "CB08_2024"]
[SourceDate "2024.02.21"]
[SourceVersion "1"]
[SourceVersionDate "2024.02.21"]
[SourceQuality "1"]

1. e4 e6 2. d4 d5 3. e5 c5 4. c3 Nc6 5. Nf3 Qb6 6. Bd3 cxd4 7. cxd4 Bd7 8. 0-0 Nxd4 9. Nxd4 Qxd4 10. Nc3 a6 11. Qe2 Qb6 12. Kh1 Bc5 13. f4 Ne7 14. f5 exf5 15. Bg5 Be6 16. Na4 Qa5 17. Nxc5 Qxc5 18. Rac1 Qb4 19. Rf4 d4 20. a3 Qb6 21. Bxe7 Kxe7 22. Bxf5 Rac8 23. Rcf1 Rhf8 24. Qf2 Bxf5 25. Rxf5 Qe6 26. h3 Rcd8 27. Qh4+ Ke8 28. R5f2 d3 29. Rd2 Qe7 30. Qe4 g6 31. Rxd3 Rxd3 32. Qxd3 Qd7 33. Qf3 Qc6 34. Qg3 Kd7 35. Rd1+ Kc7 36. e6+ Kc8 37. e7 Re8 38. Qg4+ Qe6 39. Rc1+ Kb8 40. Qf4+ Ka8 41. Rc7 Rxe7 42. Rc1 Qe5 43. Rc8+ Ka7 44. Qf2+ Qe3 45. Qf6 Qe1+ 46. Kh2 Qe5+ 47. Qxe5 Rxe5 48. Rc7 Rf5 49. b4 h5 50. Re7 Kb6 51. Kg3 Rf6 52. Kh4 Kc6 53. Kg5 Rf2 54. g4 hxg4 55. hxg4 Rf3 56. a4 b5 57. a5 Rb3 58. Rxf7 Rxb4 59. Rf6+ Kb7 60. Rb6+ Ka7 61. Rxg6 Ra4 62. Rg7+ Kb8 63. Kf6 Rxa5 64. g5 Ra1 65. Rf7 Rg1 66. g6 b4 67. g7 a5 68. Rf8+ Kb7 69. g8Q Rxg8 70. Rxg8 Kb6 71. Rb8+ Kc5 72. Ke5 Kc4 73. Ra8 b3 74. Rb8 a4 75. Ke4 Kc3 76. Ke3 a3 77. Rc8+ Kb2 78. Kd2 a2 79. Ra8 a1Q 80. Rb8 Qc1+ 0-1

[Event "Titled Tuesday intern op 13th Feb Early"]
[Site "Chess.com INT"]
[Date "2024.02.13"]
[Round "7"]
[White "Wilk, Igor"]
[Black "Kosteniuk, Alexandra"]
[Result "0-1"]
[WhiteElo "2228"]
[BlackElo "2501"]
[PlyCount "60"]
[EventDate "2024.02.13"]
[EventType "swiss (blitz)"]
[EventRounds "11"]
[EventCountry "USA"]
[SourceTitle "CB08_2024"]
[SourceDate "2024.02.21"]
[SourceVersion "1"]
[SourceVersionDate "2024.02.21"]
[SourceQuality "1"]

1. e4 c6 2. d4 d5 3. Nc3 dxe4 4. Nxe4 Nf6 5. Nxf6+ exf6 6. c3 Bd6 7. Bd3 Na6 8. Ne2 Nc7 9. 0-0 0-0 10. Bf4 Bg4 11. Bxd6 Qxd6 12. h3 Bh5 13. Qc2 Bg6 14. Rfe1 Rfe8 15. Bxg6 hxg6 16. Ng3 Nd5 17. a3 f5 18. Rad1 Rad8 19. Nf1 Nf6 20. Ne3 b5 21. c4 f4 22. Ng4 Rxe1+ 23. Rxe1 Nxg4 24. hxg4 Qxd4 25. cxb5 cxb5 26. Qb3 Qd7 27. f3 a6 28. Re4 Qa7+ 29. Kh2 Rd2 30. Qb4 Qf2 0-1

[Event "Titled Tuesday intern op 13th Feb Early"]
[Site "Chess.com INT"]
[Date "2024.02.13"]
[Round "6"]
[White "Wilk, Igor"]
[Black "Vestby Ellingsen, Mads"]
[Result "1/2-1/2"]
[WhiteElo "2228"]
[BlackElo "2338"]
[PlyCount "135"]
[EventDate "2024.02.13"]
[EventType "swiss (blitz)"]
[EventRounds "11"]
[EventCountry "USA"]
[SourceTitle "CB08_2024"]
[SourceDate "2024.02.21"]
[SourceVersion "1"]
[SourceVersionDate "2024.02.21"]
[SourceQuality "1"]

1. e4 e6 2. d3 Nc6 3. Nf3 a6 4. g3 Be7 5. Bg2 g5 6. Nc3 h5 7. h4 g4 8. Ng1 Nf6 9. Nge2 d5 10. exd5 exd5 11. Bg5 d4 12. Ne4 Nxe4 13. Bxe7 Qxe7 14. Bxe4 Bd7 15. Qd2 0-0-0 16. 0-0-0 f5 17. Bg2 Qc5 18. Rhe1 Be6 19. a3 Bd5 20. Bxd5 Qxd5 21. Kb1 Ne5 22. Nf4 Qd6 23. Rxe5 Qxe5 24. Ng6 Qb5 25. Nxh8 Rxh8 26. Re1 Re8 27. Re2 Rxe2 28. Qxe2 Kd7 29. Qd2 Qe5 30. Qh6 Qe1+ 31. Ka2 Qxf2 32. Qxh5 Kc6 33. Qg6+ Kc5 34. h5 Qxg3 35. Qxf5+ Kb6 36. h6 Qh4 37. h7 g3 38. Qg6+ c6 39. Qg7 g2 40. h8Q Qxh8 41. Qxh8 g1Q 42. Qd8+ Ka7 43. Qd6 Qg7 44. Qc5+ Kb8 45. Qd6+ Kc8 46. Qe6+ Qd7 47. Qe4 Qd6 48. b3 Qc5 49. Qg4+ Kb8 50. Qf4+ Ka7 51. Kb2 Qc3+ 52. Kb1 Qe1+ 53. Kb2 Qc3+ 54. Kb1 a5 55. a4 Qc5 56. Qe4 Qb4 57. Kb2 Ka6 58. Qe5 Qc3+ 59. Kb1 Kb6 60. Qe8 Ka7 61. Qd8 Qc5 62. Qd7 Kb6 63. Qd8+ Ka7 64. Qd7 Qb6 65. Qd6 Ka6 66. Qd7 Qc5 67. Qc8 Ka7 68. Qd7 1/2-1/2

[Event "Titled Tuesday intern op 06th Feb Early"]
[Site "Chess.com INT"]
[Date "2024.02.06"]
[Round "11"]
[White "Delgado Kuffo, Andres"]
[Black "Wilk, Igor"]
[Result "0-1"]
[WhiteElo "2320"]
[BlackElo "2228"]
[PlyCount "78"]
[EventDate "2024.02.06"]
[EventType "swiss (blitz)"]
[EventRounds "11"]
[EventCountry "USA"]
[SourceTitle "CB07_2024"]
[SourceDate "2024.02.14"]
[SourceVersion "1"]
[SourceVersionDate "2024.02.14"]
[SourceQuality "1"]

1. e4 e6 2. d4 d5 3. e5 c5 4. c3 Nc6 5. Nf3 Qb6 6. Bd3 cxd4 7. a3 dxc3 8. Nxc3 Bd7 9. b4 a5 10. b5 Nd4 11. Ng5 Rc8 12. Na4 Qc7 13. 0-0 h6 14. Qh5 hxg5 15. Qxh8 Qxe5 16. Bb2 Nh6 17. Rfe1 Qf6 18. Nb6 Rd8 19. Nxd5 Nf3+ 20. gxf3 Qxb2 21. Nb6 Qd4 22. Nxd7 Rxd7 23. Rad1 Qf4 24. b6 Rd5 25. Be4 Rxd1 26. Rxd1 g4 27. Bxb7 gxf3 28. Bc6+ Ke7 29. Rd7+ Kf6 30. Rd1 Qg4+ 31. Kf1 Qg2+ 32. Ke1 Qg1+ 33. Kd2 Qxf2+ 34. Kc3 Qc5+ 35. Kd3 Qxa3+ 36. Ke4 Qb4+ 37. Kxf3 Qc3+ 38. Ke2 Qc4+ 39. Rd3 Qc2+ 0-1

[Event "Titled Tuesday intern op 06th Feb Early"]
[Site "Chess.com INT"]
[Date "2024.02.06"]
[Round "10"]
[White "Fakhretdinova, Margarita"]
[Black "Wilk, Igor"]
[Result "1-0"]
[WhiteElo "2153"]
[BlackElo "2228"]
[PlyCount "115"]
[EventDate "2024.02.06"]
[EventType "swiss (blitz)"]
[EventRounds "11"]
[EventCountry "USA"]
[SourceTitle "CB07_2024"]
[SourceDate "2024.02.14"]
[SourceVersion "1"]
[SourceVersionDate "2024.02.14"]
[SourceQuality "1"]

1. e4 d5 2. exd5 Nf6 3. d4 Bg4 4. f3 Bf5 5. Bb5+ Nbd7 6. Ne2 a6 7. Ba4 b5 8. Bb3 Nb6 9. Ng3 Bg6 10. 0-0 Nfxd5 11. Nc3 Nxc3 12. bxc3 e6 13. f4 Be7 14. f5 exf5 15. Nxf5 0-0 16. Qf3 Bf6 17. Ba3 Re8 18. Rae1 Qd7 19. Nh6+ Kh8 20. Ng4 Rxe1 21. Rxe1 Re8 22. Rxe8+ Qxe8 23. Nxf6 Qe1+ 24. Qf1 Qxf1+ 25. Kxf1 gxf6 26. Be7 Kg7 27. Bd8 Nc4 28. Bxc7 Bxc2 29. Bxc2 Ne3+ 30. Ke2 Nxc2 31. Kd2 Na3 32. Kd3 Nc4 33. a4 Kf8 34. axb5 axb5 35. Bd8 f5 36. d5 Ke8 37. Bf6 Kd7 38. Kd4 Kd6 39. Bg7 h5 40. Bf8+ Kd7 41. Kc5 Ne3 42. g3 Nf1 43. Kxb5 Nxh2 44. Bc5 Nf1 45. Bf2 Nd2 46. c4 Ne4 47. Be1 h4 48. gxh4 f4 49. h5 f3 50. h6 Ng5 51. c5 f5 52. c6+ Kc7 53. Kc5 Ne4+ 54. Kd4 Ng5 55. Ke5 Nh7 56. Kxf5 Kd6 57. Kg6 f2 58. Bxf2 1-0

[Event "Titled Tuesday intern op 06th Feb Early"]
[Site "Chess.com INT"]
[Date "2024.02.06"]
[Round "2"]
[White "Wilk, Igor"]
[Black "Bekkedahl, Zachary"]
[Result "1-0"]
[WhiteElo "2228"]
[BlackElo "1969"]
[PlyCount "41"]
[EventDate "2024.02.06"]
[EventType "swiss (blitz)"]
[EventRounds "11"]
[EventCountry "USA"]
[SourceTitle "CB07_2024"]
[SourceDate "2024.02.14"]
[SourceVersion "1"]
[SourceVersionDate "2024.02.14"]
[SourceQuality "1"]

1. e4 c5 2. Nf3 g6 3. c3 Bg7 4. d4 cxd4 5. cxd4 d5 6. e5 Bg4 7. Nc3 Nh6 8. Bd3 0-0 9. h3 Bxf3 10. Qxf3 e6 11. 0-0 Nc6 12. Be3 Nf5 13. Bxf5 exf5 14. Nxd5 f6 15. exf6 Bxf6 16. Nxf6+ Qxf6 17. Rfd1 Rad8 18. d5 Ne5 19. Qe2 f4 20. Bd4 f3 21. Qxe5 1-0

[Event "Titled Tuesday intern op 06th Feb Early"]
[Site "Chess.com INT"]
[Date "2024.02.06"]
[Round "9"]
[White "Wilk, Igor"]
[Black "Goncharov, Vladimir"]
[Result "0-1"]
[WhiteElo "2228"]
[BlackElo "2077"]
[PlyCount "34"]
[EventDate "2024.02.06"]
[EventType "swiss (blitz)"]
[EventRounds "11"]
[EventCountry "USA"]
[SourceTitle "CB07_2024"]
[SourceDate "2024.02.14"]
[SourceVersion "1"]
[SourceVersionDate "2024.02.14"]
[SourceQuality "1"]

1. e4 e6 2. d3 c5 3. g3 Nc6 4. Bg2 g6 5. Ne2 Bg7 6. 0-0 Nge7 7. Nbc3 d6 8. Be3 Nd4 9. f4 0-0 10. Qd2 Rb8 11. a4 a6 12. a5 Nec6 13. Nd1 b5 14. axb6 Rxb6 15. c3 Nb3 16. Qc2 Nxa1 17. Qa4 Nb3 0-1

[Event "Titled Tuesday intern op 06th Feb Early"]
[Site "Chess.com INT"]
[Date "2024.02.06"]
[Round "6"]
[White "Wilk, Igor"]
[Black "Terziev, Dimo"]
[Result "1-0"]
[WhiteElo "2228"]
[BlackElo "2123"]
[PlyCount "91"]
[EventDate "2024.02.06"]
[EventType "swiss (blitz)"]
[EventRounds "11"]
[EventCountry "USA"]
[SourceTitle "CB07_2024"]
[SourceDate "2024.02.14"]
[SourceVersion "1"]
[SourceVersionDate "2024.02.14"]
[SourceQuality "1"]

1. e4 d6 2. d4 Nf6 3. Nc3 g6 4. Nf3 Bg7 5. Be2 0-0 6. 0-0 c6 7. a4 Qc7 8. h3 e5 9. Be3 Nbd7 10. Qd2 Re8 11. dxe5 dxe5 12. Rad1 Bf8 13. Bh6 Nh5 14. Bxf8 Nxf8 15. Bc4 Ne6 16. g3 Qb6 17. Bxe6 Bxe6 18. Kg2 Bc4 19. Rfe1 Rad8 20. Qc1 Qc5 21. Qe3 Qxe3 22. Rxe3 Rxd1 23. Nxd1 Nf6 24. b3 Ba6 25. Nc3 Nd7 26. Re1 f6 27. Rd1 Re7 28. b4 Bc4 29. Nd2 Be6 30. Nf1 Kf7 31. Ne3 Nb6 32. a5 Nc4 33. Nxc4 Bxc4 34. Kf3 Ke6 35. Ke3 Rd7 36. Rxd7 Kxd7 37. Na4 Kc7 38. Nb2 Be6 39. c4 b6 40. axb6+ axb6 41. h4 c5 42. b5 Kd6 43. Kd3 h5 44. Nd1 f5 45. Nc3 f4 46. Ne2 1-0

[Event "Titled Tuesday intern op 14th Nov Early"]
[Site "Chess.com INT"]
[Date "2023.11.14"]
[Round "4"]
[White "Wilk, Igor"]
[Black "Jarocka, Liwia"]
[Result "1/2-1/2"]
[WhiteElo "2228"]
[BlackElo "2224"]
[PlyCount "110"]
[EventDate "2023.11.14"]
[EventType "swiss (blitz)"]
[EventRounds "11"]
[EventCountry "USA"]
[SourceTitle "CB47_2023"]
[SourceDate "2023.11.22"]
[SourceVersion "1"]
[SourceVersionDate "2023.11.22"]
[SourceQuality "1"]

1. e4 d6 2. d4 e6 3. Nf3 Nf6 4. Nc3 Be7 5. Be2 0-0 6. 0-0 b6 7. h3 Bb7 8. e5 Nd5 9. Nxd5 Bxd5 10. c4 Bb7 11. Qc2 dxe5 12. dxe5 Nc6 13. Rd1 Qc8 14. a3 a5 15. Bf4 Rd8 16. Rxd8+ Qxd8 17. Rd1 Qe8 18. Bd3 h6 19. Be4 Rd8 20. Rxd8 Nxd8 21. Nd4 Qd7 22. Be3 Bc5 23. Bxb7 Bxd4 24. Qd3 c5 25. Ba6 Qc7 26. Bxd4 cxd4 27. Qxd4 Nc6 28. Qd6 Qxd6 29. exd6 Kf8 30. Bb5 Ne5 31. f4 Nd3 32. g3 Nxb2 33. Kf2 Nd3+ 34. Ke3 Nc5 35. g4 f6 36. h4 Kf7 37. h5 e5 38. Bc6 Ke6 39. Bd5+ Kxd6 40. Kf3 Nd3 41. fxe5+ Kxe5 42. Ke3 Nb2 43. Bg8 Na4 44. Bd5 Nc5 45. Bg8 Ne6 46. Bxe6 Kxe6 47. Ke4 Ke7 48. Kd5 Kd7 49. a4 g6 50. hxg6 Ke7 51. Ke4 Kf8 52. Kf4 Kg8 53. Ke4 Kf8 54. Kf4 Kg8 55. Ke4 Kf8 1/2-1/2

[Event "Titled Tuesday intern op 24th Oct Late"]
[Site "Chess.com INT"]
[Date "2023.10.24"]
[Round "5"]
[White "Wilk, Igor"]
[Black "Minina, Veronika"]
[Result "0-1"]
[WhiteElo "2228"]
[BlackElo "2057"]
[PlyCount "96"]
[EventDate "2023.10.24"]
[EventType "swiss (blitz)"]
[EventRounds "11"]
[EventCountry "USA"]
[SourceTitle "Mega2024 Update 01"]
[Source "Chessbase"]
[SourceDate "2023.11.12"]
[SourceVersion "1"]
[SourceVersionDate "2023.11.12"]
[SourceQuality "1"]

1. e4 c5 2. Nc3 Nc6 3. Nge2 g6 4. g3 Bg7 5. Bg2 e6 6. 0-0 Nge7 7. d3 0-0 8. Be3 d6 9. d4 cxd4 10. Nxd4 a6 11. Qd2 Rb8 12. Rad1 Ne5 13. Qe2 Qc7 14. Bc1 b5 15. a3 N7c6 16. Nxc6 Qxc6 17. Bf4 Bb7 18. Bxe5 Bxe5 19. Rd3 a5 20. f4 Bg7 21. Qd2 Rfd8 22. Rd1 b4 23. axb4 axb4 24. Ne2 Qc5+ 25. Kh1 Bxb2 26. Rxd6 Rdc8 27. f5 exf5 28. exf5 Qf2 29. Bxb7 Rxb7 30. Nf4 Qf3+ 31. Kg1 Rbb8 32. fxg6 hxg6 33. Rd3 Qe4 34. Nd5 Re8 35. Re3 Qc4 36. Qd3 Qxd3 37. Rdxd3 Kg7 38. Rxe8 Rxe8 39. Kf2 Ba3 40. Nf4 Rc8 41. Rd2 Bb2 42. Nd3 Bc3 43. Re2 Bd4+ 44. Kf3 Bc3 45. h4 Rd8 46. g4 b3 47. Nf4 b2 48. Re1 Bxe1 0-1

[Event "POL-ch Blitz U18"]
[Site "Bydgoszcz"]
[Date "2023.08.31"]
[Round "8"]
[White "Seemann, Jakub"]
[Black "Wilk, Igor"]
[Result "0-1"]
[WhiteElo "2429"]
[BlackElo "1918"]
[PlyCount "74"]
[EventDate "2023.08.28"]
[EventType "swiss"]
[EventRounds "10"]
[EventCountry "POL"]
[SourceTitle "EXT 2024"]
[Source "ChessBase"]
[SourceDate "2023.10.10"]
[SourceVersion "1"]
[SourceVersionDate "2023.10.10"]
[SourceQuality "1"]

1. d4 Nf6 2. c4 c5 3. d5 b5 4. cxb5 a6 5. bxa6 Bxa6 6. Nc3 g6 7. e4 Bxf1 8. Kxf1 Bg7 9. g3 0-0 10. Kg2 d6 11. Nf3 Nbd7 12. Re1 Qa5 13. a4 Rfb8 14. Ra3 Ne8 15. Nd2 Nc7 16. Nc4 Qa6 17. Qe2 Nb6 18. Nxb6 Qxb6 19. h4 h5 20. g4 hxg4 21. Qxg4 Ne8 22. Nb5 Nf6 23. Qe2 Nh5 24. Bg5 Qb7 25. Rb1 Qd7 26. Qf3 e6 27. b3 exd5 28. exd5 Re8 29. Ra2 Re5 30. Re2 Rae8 31. Rxe5 Rxe5 32. Nc3 Rf5 33. Qd3 Rxg5+ 34. Kf1 Rg4 35. a5 Nf4 36. Qf3 Bxc3 37. Qxc3 Rg1+ 0-1

[Event "POL-ch Rapid U18"]
[Site "Bydgoszcz"]
[Date "2023.08.30"]
[Round "11"]
[White "Backiel, Hubert"]
[Black "Wilk, Igor"]
[Result "0-1"]
[WhiteElo "1701"]
[BlackElo "1997"]
[PlyCount "156"]
[EventDate "2023.08.28"]
[EventType "swiss"]
[EventRounds "11"]
[EventCountry "POL"]
[SourceTitle "EXT 2024"]
[Source "ChessBase"]
[SourceDate "2023.10.10"]
[SourceVersion "1"]
[SourceVersionDate "2023.10.10"]
[SourceQuality "1"]

1. d4 Nf6 2. c4 c5 3. d5 b5 4. cxb5 a6 5. e3 g6 6. Nc3 Bg7 7. Nf3 0-0 8. a4 Bb7 9. Be2 e6 10. dxe6 fxe6 11. Qd6 axb5 12. Bxb5 Ne4 13. Nxe4 Bxe4 14. Be2 Nc6 15. Qxc5 Na5 16. Qb4 d5 17. Bd2 Bxf3 18. gxf3 Nc6 19. Qa3 Rb8 20. Rb1 Qf6 21. b4 Ne5 22. f4 Qf5 23. Rc1 Qe4 24. Rg1 Nf3+ 25. Bxf3 Qxf3 26. Qd3 d4 27. Rg3 Qh1+ 28. Ke2 Qxh2 29. Qe4 Qh5+ 30. Qf3 Qf5 31. Rg5 d3+ 32. Kf1 Qxg5 33. Rc5 Qe7 34. Qe4 Rfc8 35. Rxc8+ Rxc8 36. Qxd3 Qc7 37. Ke2 Bf8 38. a5 Qc2 39. b5 Qxd3+ 40. Kxd3 Rd8+ 41. Kc2 Rxd2+ 42. Kxd2 Bb4+ 43. Kd3 Bxa5 44. Ke4 Kf7 45. Kf3 Kf6 46. e4 Bb6 47. Kg3 Bc7 48. Kg4 h6 49. Kf3 Bb6 50. Kg3 Ke7 51. f3 Kf6 52. Kg4 Bc7 53. Kg3 h5 54. Kf2 Bxf4 55. b6 Bb8 56. Ke3 g5 57. Kd4 h4 58. Ke3 h3 59. Kf2 h2 60. Kg2 Bf4 61. b7 Ke7 62. Kh1 Kd7 63. Kg2 Kc7 64. Kh1 Kxb7 65. Kg2 Kc6 66. Kh1 Kc5 67. Kg2 Kd4 68. Kh1 Ke3 69. Kg2 h1Q+ 70. Kxh1 Kxf3 71. e5 Bxe5 72. Kg1 g4 73. Kf1 Bc3 74. Kg1 g3 75. Kh1 g2+ 76. Kh2 Bd4 77. Kh3 g1Q 78. Kh4 Qg4# 0-1

[Event "Ustron op-B"]
[Site "Ustron"]
[Date "2023.08.17"]
[Round "7"]
[White "Wilk, Igor"]
[Black "Brzezina, Piotr"]
[Result "1-0"]
[WhiteElo "2098"]
[BlackElo "2038"]
[PlyCount "141"]
[EventDate "2023.08.11"]
[EventType "swiss"]
[EventRounds "9"]
[EventCountry "POL"]
[SourceTitle "CBM 215 Extra"]
[Source "ChessBase"]
[SourceDate "2023.09.30"]
[SourceVersion "1"]
[SourceVersionDate "2023.09.30"]
[SourceQuality "1"]

1. e4 e5 2. Nf3 Nc6 3. Bc4 Nf6 4. d3 Bc5 5. 0-0 0-0 6. Re1 h6 7. c3 d6 8. Nbd2 a5 9. a4 Bb6 10. Nf1 Ne7 11. Ng3 Ng6 12. Bb3 c6 13. h3 Re8 14. Qe2 d5 15. Be3 Be6 16. Qc2 Bxe3 17. fxe3 dxe4 18. dxe4 Qb6 19. Ra3 Rad8 20. Nf5 Qc7 21. N3h4 Nxh4 22. Nxh4 Nd7 23. Bxe6 Rxe6 24. Nf5 Nb6 25. Raa1 Kh7 26. Rad1 g6 27. Nh4 Red6 28. Rxd6 Rxd6 29. Nf3 f6 30. c4 c5 31. b3 Qd7 32. Qc3 Rd3 33. Qxa5 Rxb3 34. Qxc5 Nxa4 35. Qf8 Qg7 36. Qc8 Nb6 37. Qe6 Na4 38. Rd1 Nc5 39. Qc8 Rd3 40. Rxd3 Nxd3 41. Nd2 Qe7 42. Nb1 Nb4 43. Nc3 Kg7 44. c5 Nd3 45. Nd5 Qxc5 46. Qd7+ Kf8 47. Qd8+ Kf7 48. Qxf6+ Ke8 49. Qxg6+ Kd7 50. Qf7+ Kd8 51. Qxb7 Qc1+ 52. Kh2 Ne1 53. Qe7+ Kc8 54. Nb6+ Kb8 55. Nd7+ Kc7 56. Nxe5+ Kb6 57. Qb4+ Kc7 58. Qc4+ Qxc4 59. Nxc4 Kd7 60. g4 Ke6 61. Kg3 Kf6 62. Nd2 Nd3 63. Nf3 Nc5 64. e5+ Kg6 65. Nd4 Ne4+ 66. Kf4 Nf2 67. h4 Nd3+ 68. Ke4 Nf2+ 69. Kf3 Nd3 70. e6 Kf6 71. e7 1-0

[Event "Ustron op-B"]
[Site "Ustron"]
[Date "2023.08.13"]
[Round "3"]
[White "Sieber, Martin"]
[Black "Wilk, Igor"]
[Result "0-1"]
[WhiteElo "2040"]
[BlackElo "2098"]
[PlyCount "92"]
[EventDate "2023.08.11"]
[EventType "swiss"]
[EventRounds "9"]
[EventCountry "POL"]
[SourceTitle "CBM 215 Extra"]
[Source "ChessBase"]
[SourceDate "2023.09.30"]
[SourceVersion "1"]
[SourceVersionDate "2023.09.30"]
[SourceQuality "1"]

1. d4 Nf6 2. Bf4 d5 3. e3 c5 4. Nf3 Nc6 5. Nbd2 Bf5 6. c3 e6 7. Qb3 Qb6 8. Nh4 Bg6 9. Nxg6 hxg6 10. h3 Be7 11. Bd3 0-0 12. 0-0 Nd7 13. Nf3 Rac8 14. Rfe1 cxd4 15. exd4 Na5 16. Qxb6 Nxb6 17. Re2 Nac4 18. Rc1 Bd6 19. Ne5 Bxe5 20. dxe5 Na4 21. b3 Nc5 22. Bc2 Na3 23. Be3 Nd7 24. Bg5 Nxc2 25. Rcxc2 Rc6 26. Re1 Rfc8 27. Bd2 b5 28. f4 Nc5 29. Re3 Ne4 30. Be1 a5 31. Kf1 a4 32. Ke2 Ra8 33. h4 Nc5 34. c4 bxc4 35. bxc4 d4 36. Rg3 Rd8 37. Rc1 d3+ 38. Kd1 d2 39. Bxd2 Ne4 40. Ra3 Rxd2+ 41. Ke1 Rxg2 42. Kf1 Rf2+ 43. Kg1 Rb6 44. Rf1 Rxf1+ 45. Kxf1 Rb4 46. Rc3 Nxc3 0-1

[Event "Krakow op-B 33rd"]
[Site "Krakow"]
[Date "2023.01.02"]
[Round "6"]
[White "Wnek, Filip"]
[Black "Wilk, Igor"]
[Result "1-0"]
[WhiteElo "1966"]
[BlackElo "2030"]
[PlyCount "131"]
[EventDate "2022.12.27"]
[EventType "swiss"]
[EventRounds "9"]
[EventCountry "POL"]
[SourceTitle "CBM 212 Extra"]
[Source "ChessBase"]
[SourceDate "2023.03.31"]
[SourceVersion "1"]
[SourceVersionDate "2023.03.31"]
[SourceQuality "1"]

1. e4 e5 2. Nf3 Nc6 3. Bb5 a6 4. Ba4 Nf6 5. d3 b5 6. Bb3 Be7 7. 0-0 d6 8. c3 0-0 9. Re1 Bg4 10. h3 Bh5 11. Nbd2 d5 12. exd5 Nxd5 13. Ne4 Bg6 14. a4 b4 15. Qc2 Qd7 16. a5 Bh5 17. Ned2 Bf6 18. Ba4 Rfe8 19. Re4 Re6 20. Rc4 bxc3 21. bxc3 Nde7 22. Ne1 Qd8 23. Nb3 Qd5 24. Be3 Bg6 25. Qd1 Rd6 26. Rc5 Qe6 27. Qc2 Rad8 28. Nc1 Nd5 29. Bb3 Nxe3 30. fxe3 Qe7 31. Qf2 Bh4 32. Qe2 Nb8 33. Nf3 Bxd3 34. Nxd3 Rxd3 35. Rxe5 Qd6 36. Rh5 Bf6 37. Bc2 Rxc3 38. Bxh7+ Kf8 39. Be4 g6 40. Rd5 Qe6 41. Rxd8+ Bxd8 42. Qb2 Qb3 43. Qd2 Nc6 44. Rb1 Qa3 45. Bxc6 Bf6 46. Qd7 Rxe3 47. Bd5 Re7 48. Qc6 Kg7 49. Rf1 Qxa5 50. Kh1 Qb6 51. Qc4 a5 52. Nh2 Qb4 53. Qa2 Qb5 54. Bc4 Qb4 55. Ng4 Re1 56. Qf2 Rxf1+ 57. Qxf1 Qc3 58. Qf4 g5 59. Qxc7 Qe1+ 60. Kh2 Be7 61. Ne5 Kf6 62. Nxf7 Kg7 63. Ne5 Kf6 64. Qc6+ Kf5 65. Qg6+ Kf4 66. Nd3+ 1-0

[Event "POL-ch U18"]
[Site "Jastrzebia Gora"]
[Date "2023.??.??"]
[Round "7"]
[White "Pieczulis, Blazej"]
[Black "Wilk, Igor"]
[Result "0-1"]
[WhiteElo "1784"]
[BlackElo "2058"]
[PlyCount "80"]
[EventDate "2023.03.11"]
[EventType "swiss"]
[EventRounds "9"]
[EventCountry "POL"]
[SourceTitle "CBM 213 Extra"]
[Source "ChessBase"]
[SourceDate "2023.05.31"]
[SourceVersion "1"]
[SourceVersionDate "2023.05.31"]
[SourceQuality "1"]

1. d4 d5 2. c4 e6 3. Nf3 Nf6 4. Bg5 Be7 5. Nc3 h6 6. Bh4 0-0 7. cxd5 exd5 8. e3 c6 9. Bd3 Nbd7 10. Qc2 Re8 11. Bg3 Nf8 12. 0-0 Ne6 13. Rab1 a5 14. a3 Bd7 15. b4 b5 16. Ne5 Bf8 17. f4 Nc7 18. Bh4 Be7 19. h3 Rf8 20. g4 Nfe8 21. g5 Nd6 22. Qg2 h5 23. Qe2 Bf5 24. Nxc6 Qe8 25. Ne5 g6 26. Kh2 Bxd3 27. Qxd3 Nc4 28. Nxc4 bxc4 29. Qd2 axb4 30. axb4 Qd7 31. Rf2 Rfb8 32. Na2 Nb5 33. Qb2 Ra3 34. Re2 Qf5 35. Be1 Rb3 36. Qxb3 cxb3 37. Rxb3 Bd6 38. Nc1 Qxg5 39. Nd3 Qe7 40. Bg3 Nxd4 0-1